000 00406nam a2200133Ia 4500
008 100328s9999 xx 000 0 und d
082 _b65373
100 _aतिबिले अनंत.
245 _aभेटीलागी जीवा.
260 _bनंदादीप.
630 _aभेटीलागी जीवा.
730 _aभेटीलागी जीवा.
942 _cBOOK
999 _c551120
_d551117